| 000 | 00897naa a22002777a 4500 | ||
|---|---|---|---|
| 001 | BR7804978 | ||
| 003 | BR-BrBNA | ||
| 005 | 20250714162945.0 | ||
| 007 | ta | ||
| 008 | 250630b bl.|||m| |||| 00| 0 por d | ||
| 040 |
_aBR-BrBNA _bpor _cBiblioteca Nacional de Agricultura |
||
| 041 | _a(Pt) | ||
| 072 |
_aF30 _b1122 _bG514 |
||
| 090 | _aF30 BR7804978 | ||
| 100 | 1 | _aFontes, H.R. | |
| 100 | 1 | _aEmidio Filho, J. | |
| 245 | 1 | _aIntroducao e selecao de cultivares de mamoeiros [Carica papaya; Sergipe; Brasil] | |
| 500 | _aRelatorio anual 1978 Boquim, SE (Brasil): 1978. p. 115-120 (BR7804978-AMS) | ||
| 650 | _aMelhoramento genetico vegetal | ||
| 650 | _aMamao | ||
| 650 | _aVariedade | ||
| 650 | _aSergipe | ||
| 490 | _aRelatorio - Superintendencia da Agricultura e Producao. Estacao Experimental de Boquim (Brazil) | ||
| 942 |
_cAMS _2AGRIS |
||
| 909 |
_a202506 _bLúcia _c55 _dLúcia Elande |
||
| 999 |
_c333125 _d333125 |
||